书目信息 |
| 题名: |
历史的细节
|
|
| 作者: | 杜君立 著 | |
| 分册: | Ⅱ | |
| 出版信息: | 上海 上海三联书店 2016.08 |
|
| 页数: | 332页 | |
| 开本: | 25cm | |
| 丛书名: | ||
| 单 册: | ||
| 中图分类: | K107 , K207 | |
| 科图分类: | ||
| 主题词: | 世界史--研究 , 中国历史--研究 | |
| 电子资源: | ||
| ISBN: | 978-7-5426-5586-8 | |
| 000 | 00989nam0 2200289 450 | |
| 001 | 0120161962410 | |
| 005 | 20170911155839.43 | |
| 010 | @a978-7-5426-5586-8@b精装@dCNY48.80 | |
| 100 | @a20160729d2016 em y0chiy50 ea | |
| 101 | 0 | @achi |
| 102 | @aCN@b310000 | |
| 105 | @ay z 000yy | |
| 106 | @ar | |
| 200 | 1 | @a历史的细节@9li shi de xi jie@e技术、文明与战争@hⅡ@e最新修订纪念版@f杜君立著 |
| 205 | @a修订版 | |
| 210 | @a上海@c上海三联书店@d2016.08 | |
| 215 | @a332页@d25cm | |
| 330 | @a本书分为火药的革命、船上的世界两章,主要包括:战争与杀人;战争的能量;火药时代;兵临城下;宋朝的战争;钓鱼之城;西方的兴起;扬州炮祸;佛郎机;铁炮与鸟铳;壬辰战争;最后的汉奸等。 | |
| 333 | @a历史研究人员 | |
| 517 | 1 | @a技术、文明与战争@9ji shu 、 wen ming yu zhan zheng |
| 606 | 0 | @a世界史@x研究 |
| 606 | 0 | @a中国历史@x研究 |
| 690 | @aK107@v5 | |
| 690 | @aK207@v5 | |
| 701 | 0 | @a杜君立@9du jun li@4著 |
| 801 | 0 | @aCN@b人天书店@c20160729 |
| 905 | @b1062618-23@dK107@e270:2=2@f6 | |
| 历史的细节:技术、文明与战争.Ⅱ:最新修订纪念版/杜君立著.-修订版.-上海:上海三联书店,2016.08 |
| 332页;25cm |
| 使用对象:历史研究人员 |
| ISBN 978-7-5426-5586-8(精装):CNY48.80 |
| 本书分为火药的革命、船上的世界两章,主要包括:战争与杀人;战争的能量;火药时代;兵临城下;宋朝的战争;钓鱼之城;西方的兴起;扬州炮祸;佛郎机;铁炮与鸟铳;壬辰战争;最后的汉奸等。 |
| ● |
| 相关链接 |
|
|
|
|
正题名:历史的细节
索取号:K107/270:2=2
 
预约/预借
| 序号 | 登录号 | 条形码 | 馆藏地/架位号 | 状态 | 备注 |
| 1 | 1062618 | 210626189 | 第二样本阅览室/ [索取号:K107/270:2=2] | 在馆 | |
| 2 | 1062619 | 210626198 | 第二借阅区/ [索取号:K107/270:2=2] | 在馆 | |
| 3 | 1062620 | 210626205 | 第二借阅区/ [索取号:K107/270:2=2] | 在馆 | |
| 4 | 1062621 | 210626214 | 第二借阅区/ [索取号:K107/270:2=2] | 在馆 | |
| 5 | 1062622 | 210626223 | 第二借阅区/ [索取号:K107/270:2=2] | 在馆 | |
| 6 | 1062623 | 210626232 | 史法系资料室/ [索取号:K107/270:2=2] | 在馆 |